| 000 | 01414pam a2200361Ia 4500 | ||
|---|---|---|---|
| 001 | ebr10047817 | ||
| 003 | CaPaEBR | ||
| 006 | m u | ||
| 007 | cr cn||||||||| | ||
| 008 | 011130s2003 nyua sb 001 0 eng d | ||
| 010 | _z 2001057680 | ||
| 020 | _z0387986618 (alk. paper) | ||
| 040 |
_aCaPaEBR _cCaPaEBR |
||
| 035 | _a(OCoLC)55002880 | ||
| 050 | 1 | 4 |
_aQL765 _b.A32 2003eb |
| 082 | 0 | 4 |
_a591.59/4 _221 |
| 245 | 0 | 0 |
_aAcoustic communication _h[electronic resource] / _cAndrea Megela Simmons, Arthur N. Popper, Richard R. Fay, editors. |
| 260 |
_aNew York : _bSpringer-Verlag, _cc2003. |
||
| 300 |
_axiv, 418 p. : _bill. |
||
| 490 | 1 |
_aSpringer handbook of auditory research ; _vv. 16 |
|
| 504 | _aIncludes bibliographical references and index. | ||
| 533 |
_aElectronic reproduction. _bPalo Alto, Calif. : _cebrary, _d2009. _nAvailable via World Wide Web. _nAccess may be limited to ebrary affiliated libraries. |
||
| 650 | 0 | _aAnimal sounds. | |
| 650 | 0 | _aSound production by animals. | |
| 650 | 0 | _aAnimal communication. | |
| 655 | 7 |
_aElectronic books. _2local |
|
| 700 | 1 | _aSimmons, Andrea Megela. | |
| 700 | 1 | _aPopper, Arthur N. | |
| 700 | 1 | _aFay, Richard R. | |
| 710 | 2 | _aebrary, Inc. | |
| 830 | 0 |
_aSpringer handbook of auditory research ; _vv. 16. |
|
| 856 | 4 | 0 |
_uhttp://site.ebrary.com/lib/rucke/Doc?id=10047817 _zAn electronic book accessible through the World Wide Web; click to view |
| 999 |
_c181071 _d181071 |
||